| 000 | 00702nam a2200217Ia 4500 | ||
|---|---|---|---|
| 003 | GCL | ||
| 008 | 140319s9999 xx 000 0 ara d | ||
| 040 |
_aGCL / _cGCL |
||
| 082 | 0 | 4 |
_a347.05 _bع ا |
| 100 | 1 |
_aعبدالفتاح مراد _vReviewer _@ _٠راجع |
|
| 245 | 1 | 0 |
_aاصول اعمال اقلام الكتاب بالمحاكم ومجلس الدولة / _cعبدالفتاح مراد |
| 260 |
_a[S.N] : _bمؤسسة شباب الجامعة ، _c1989 |
||
| 300 | _a462 ص | ||
| 490 | _a | ||
| 650 | 0 | 4 | _aالقانون |
| 650 | 0 | 4 | _aمصر |
| 650 | 0 | 4 | _aالمحاكم |
| 650 | 0 | 4 | _aالسلطة القضائية |
| 650 | 0 | 4 | _aاختصاص المحاكم |
| 942 |
_2ddc _cBK |
||
| 999 |
_c28408 _d28408 |
||